| 000 | 00383nam a2200133Ia 4500 | ||
|---|---|---|---|
| 008 | 210210b1968 xxu||||| |||| 00| 0 eng d | ||
| 082 | _a320.942 PELP | ||
| 100 | _aPELLING (Henry). | ||
| 245 | _aPopular politics and society in late victorian britain. | ||
| 260 |
_aLondon _bMacmillan & Co. Ltd. _c1968 |
||
| 300 | _a188 | ||
| 690 | _aPolitical Situation & Condition | ||
| 906 | _a029613 | ||
| 999 |
_c80827 _d80827 |
||